| 000 | 00429nam a2200145Ia 4500 | ||
|---|---|---|---|
| 008 | 130318s9999 xx 000 0 und d | ||
| 020 | _a8173665184 | ||
| 082 | _a005.8 MIL/B | ||
| 100 | _aMiller, Drew | ||
| 245 | _aBlack hat physical device security: Exploiting hardware and software | ||
| 260 |
_bShroff Publishers and Distributors _aMumbai _c2005 |
||
| 300 | _a363 | ||
| 650 | _aCOMPUTER SECURITY | ||
| 650 | _aPHYSICAL SECURITY | ||
| 999 |
_c1242 _d1242 |
||